| 000 | 00456nam a22001577a 4500 | ||
|---|---|---|---|
| 008 | 230627b |||||||| |||| 00| 0 eng d | ||
| 020 | _a0-19-568443-5 | ||
| 040 |
_aNational Science Library _cNational Science Library |
||
| 080 |
_aR 912(540) _bQ0 |
||
| 245 | _aOxford reference atlas for India and the world | ||
| 260 |
_aOxford: _bOxford University Press, _c2010 |
||
| 300 | _a311p. | ||
| 650 | _aAtlas | ||
| 653 | _aGeography | ||
| 942 |
_2udc _cREF |
||
| 999 |
_c47552 _d47552 |
||